<?xml version="1.0" encoding="UTF-8"?>
<record
    xmlns:xsi="http://www.w3.org/2001/XMLSchema-instance"
    xsi:schemaLocation="http://www.loc.gov/MARC21/slim http://www.loc.gov/standards/marcxml/schema/MARC21slim.xsd"
    xmlns="http://www.loc.gov/MARC21/slim">

  <leader>05029nam a2200373 a 4500</leader>
  <controlfield tag="003">CHAP</controlfield>
  <controlfield tag="005">20230313181450.0</controlfield>
  <controlfield tag="007">ta</controlfield>
  <controlfield tag="008">230313s2022    sp ado|f |||| 001 0 spa d</controlfield>
  <datafield tag="020" ind1=" " ind2=" ">
    <subfield code="a">978-84-200-1279-7</subfield>
  </datafield>
  <datafield tag="040" ind1=" " ind2=" ">
    <subfield code="a">mxchpua</subfield>
    <subfield code="c">CHAP</subfield>
    <subfield code="e">rda</subfield>
  </datafield>
  <datafield tag="050" ind1="1" ind2="0">
    <subfield code="a">TX547</subfield>
    <subfield code="b">.A53 2022</subfield>
  </datafield>
  <datafield tag="082" ind1="0" ind2="0">
    <subfield code="2">20</subfield>
    <subfield code="a">664.07</subfield>
    <subfield code="b">A53 2022</subfield>
  </datafield>
  <datafield tag="245" ind1="1" ind2="0">
    <subfield code="a">An&#xE1;lisis sensorial de alimentos y respuesta del consumidor / </subfield>
    <subfield code="c">In&#xE9;s Arana Azparren...[y otros] ; editores Francisco Jos&#xE9; P&#xE9;rez Elortondo y Ma. D. Salvador Moya</subfield>
  </datafield>
  <datafield tag="250" ind1=" " ind2=" ">
    <subfield code="a">1a edici&#xF3;n</subfield>
  </datafield>
  <datafield tag="264" ind1=" " ind2=" ">
    <subfield code="a">Espa&#xF1;a : </subfield>
    <subfield code="b">Asociaci&#xF3;n Espa&#xF1;ola de Profesionales del An&#xE1;lisis Sensorial : Acribia,</subfield>
    <subfield code="c">2022</subfield>
  </datafield>
  <datafield tag="300" ind1=" " ind2=" ">
    <subfield code="a">x, 534 p&#xE1;ginas : </subfield>
    <subfield code="b">ilustraciones, gr&#xE1;ficas, fotos </subfield>
  </datafield>
  <datafield tag="336" ind1=" " ind2=" ">
    <subfield code="2">rdacontent</subfield>
    <subfield code="a">texto</subfield>
    <subfield code="b">txt</subfield>
  </datafield>
  <datafield tag="337" ind1=" " ind2=" ">
    <subfield code="2">rdamedia</subfield>
    <subfield code="a">sin medio</subfield>
    <subfield code="b">n</subfield>
  </datafield>
  <datafield tag="338" ind1=" " ind2=" ">
    <subfield code="2">rdacarrier</subfield>
    <subfield code="a">volumen</subfield>
    <subfield code="b">nc</subfield>
  </datafield>
  <datafield tag="504" ind1=" " ind2=" ">
    <subfield code="a">Incluye bibliograf&#xED;a</subfield>
  </datafield>
  <datafield tag="505" ind1=" " ind2=" ">
    <subfield code="a">&#xCD;NDICE DE CONTENIDO: --
Pr&#xF3;logo --
1. M&#xE9;todos cl&#xE1;sicos de evaluaci&#xF3;n sensorial --

2. Sensometr&#xED;a --
2.1. Dise&#xF1;o y planificaci&#xF3;n de estudios sensoriales --
2.2. Relaci&#xF3;n entre la naturaleza de los datos y los m&#xE9;todos de an&#xE1;lisis estad&#xED;stico: Una gu&#xED;a pr&#xE1;ctica --
2.3. M&#xE9;todos estad&#xED;sticos para el an&#xE1;lisis de datos sensoriales --

3. Productos espec&#xED;ficos --
3.1. Esp&#xE1;rrago --
3.2. Legumbres --
3.3. Aceite de oliva virgen --
3.4. Carne --
3.5. Jam&#xF3;n ib&#xE9;rico --
3.6. Queso --
3.7. Cerveza --
3.8. Sidra --
3.9 Vino --

4. M&#xE9;todos r&#xE1;pidos de descripci&#xF3;n sensorial --
4.1. Introducci&#xF3;n al uso de m&#xE9;todos r&#xE1;pidos de evaluaci&#xF3;n sensorial --
4.2. Mapa proyectivo --
4.3. Perfil de Libre Elecci&#xF3;n y Perfil Flash --
4.4. Pregunta cata o marque todo lo que corresponda --

5. M&#xE9;todos din&#xE1;micos --

6. Respuesta del consumidor --
6.1. Respuesta del consumidor --
6.2. M&#xE9;todos cualitativos. Grupos focales --
6.3. M&#xE9;todos cualitativos. El ABC de la asociaci&#xF3;n libre de palabras --
6.4. M&#xE9;todos cualitativos.T&#xE9;cnicas de observaci&#xF3;n y estudios etnogr&#xE1;ficos --
6.5. Respuesta emocional --
6.6. An&#xE1;lisis conjunto y subastas experimentales --

7. Aplicaciones de la ciencia sensorial y la investigaci&#xF3;n del consumidor --
7.1. Introducci&#xF3;n a las aplicaciones de la ciencia sensorial y la investigaci&#xF3;n del consumidor --
7.2. Desarrollo de nuevos productos --
7.3. Caso pr&#xE1;ctico en desarrollo de producto --
7.4. Optimizaci&#xF3;n de la calidad sensorial mediante la metodolog&#xED;a de superficie-respuesta (RSM) --
7.5. Vida &#xFA;til sensorial --
7.6. Control de calidad sensorial en la industria --
7.7. Control de calidad sensorial de productos de calidad diferenciada.</subfield>
  </datafield>
  <datafield tag="520" ind1=" " ind2=" ">
    <subfield code="a">El an&#xE1;lisis sensorial es la disciplina cient&#xED;fica que permite evaluar las propiedades sensoriales de los productos alimentarios siendo su aplicaci&#xF3;n imprescindible para el desarrollo, innovaci&#xF3;n y mejora de los alimentos. Constituye una herramienta indispensable de la que dispone el/la profesional de la industria alimentaria para controlar la calidad sensorial de los productos que elabora, determinar el efecto de las materias primas, las condiciones del proceso o estudiar la variabilidad en la respuesta afectiva de los/as consumidores/as y comprender las razones que la motivan.

Este libro nace con vocaci&#xF3;n de convertirse en una referencia b&#xE1;sica en lengua espa&#xF1;ola para la docencia y el conocimiento del an&#xE1;lisis sensorial ya que ofrece a los/as formadores/as y estudiantes (de grado, postgrado y doctorado de &#xE1;mbitos diversos, tanto de las ciencias naturales como de las ciencias humanas) una perspectiva amplia e integrada sobre el dise&#xF1;o, desarrollo, an&#xE1;lisis e interpretaci&#xF3;n de los estudios sensoriales destinados al an&#xE1;lisis de alimentos y del comportamiento del consumidor. Adem&#xE1;s del &#xE1;mbito universitario y agroalimentario (industria, administraci&#xF3;n, consultoras), otros sectores para los que puede resultar de inter&#xE9;s el texto son los laboratorios de an&#xE1;lisis de alimentos y las Denominaciones de Origen, as&#xED; como los organismos de Certificaci&#xF3;n de producto y de Acreditaci&#xF3;n de laboratorios de an&#xE1;lisis y de certificaci&#xF3;n de producto.

Los contenidos del libro se distribuyen en siete cap&#xED;tulos que cubren tanto conceptos b&#xE1;sicos como metodolog&#xED;as actualizadas, expuestas de forma pr&#xE1;ctica e incluyendo ejemplos de experiencias desarrolladas o casos pr&#xE1;cticos. Los/as autores/as que han colaborado en la elaboraci&#xF3;n del libro son acad&#xE9;micos/as y profesionales cualificados con una amplia experiencia en investigaci&#xF3;n y su aplicaci&#xF3;n en el &#xE1;mbito que se aborda en cada cap&#xED;tulo.</subfield>
  </datafield>
  <datafield tag="650" ind1="1" ind2="3">
    <subfield code="9">147007</subfield>
    <subfield code="a">Evaluaci&#xF3;n sensorial de los alimentos  </subfield>
  </datafield>
  <datafield tag="650" ind1="1" ind2="3">
    <subfield code="9">185190</subfield>
    <subfield code="a">Sensom&#xE9;trica</subfield>
  </datafield>
  <datafield tag="650" ind1="1" ind2="3">
    <subfield code="9">157794</subfield>
    <subfield code="a">Conducta del consumidor  </subfield>
  </datafield>
  <datafield tag="650" ind1="1" ind2="3">
    <subfield code="9">147012</subfield>
    <subfield code="a">Sensory evaluation  </subfield>
  </datafield>
  <datafield tag="650" ind1="1" ind2="3">
    <subfield code="9">185191</subfield>
    <subfield code="a">Sensometrics</subfield>
  </datafield>
  <datafield tag="650" ind1="1" ind2="3">
    <subfield code="9">157795</subfield>
    <subfield code="a">Consumer behavior</subfield>
  </datafield>
  <datafield tag="700" ind1="1" ind2=" ">
    <subfield code="9">186379</subfield>
    <subfield code="a">Arana Azparren, In&#xE9;s</subfield>
    <subfield code="e">autora</subfield>
  </datafield>
  <datafield tag="700" ind1="1" ind2=" ">
    <subfield code="9">186372</subfield>
    <subfield code="a">P&#xE9;rez Elortondo, Francisco Jos&#xE9;</subfield>
    <subfield code="e">editor</subfield>
  </datafield>
  <datafield tag="700" ind1="1" ind2=" ">
    <subfield code="9">186380</subfield>
    <subfield code="a">Salvador Moya, Ma. D. </subfield>
    <subfield code="e">editor</subfield>
  </datafield>
  <datafield tag="942" ind1=" " ind2=" ">
    <subfield code="2">ddc</subfield>
    <subfield code="c">Libro</subfield>
  </datafield>
  <datafield tag="999" ind1=" " ind2=" ">
    <subfield code="c">218517</subfield>
    <subfield code="d">218517</subfield>
  </datafield>
  <datafield tag="952" ind1=" " ind2=" ">
    <subfield code="0">0</subfield>
    <subfield code="1">0</subfield>
    <subfield code="2">ddc</subfield>
    <subfield code="4">0</subfield>
    <subfield code="5">1</subfield>
    <subfield code="7">0</subfield>
    <subfield code="8">GRAL</subfield>
    <subfield code="a">IA_</subfield>
    <subfield code="b">IA_</subfield>
    <subfield code="d">2022-11-24</subfield>
    <subfield code="e">Compra El Quijote F 413716018</subfield>
    <subfield code="i">Consumo</subfield>
    <subfield code="l">0</subfield>
    <subfield code="o">664.07 A53 2022</subfield>
    <subfield code="p">1102014414</subfield>
    <subfield code="r">2023-03-13 00:00:00</subfield>
    <subfield code="t">Ej. 1</subfield>
    <subfield code="w">2023-03-13</subfield>
    <subfield code="y">LIBRO</subfield>
  </datafield>
</record>
